000 00493nam a2200181Ia 4500
008 090123s9999 xx 000 0 und d
082 _b35331
_a891.463/कदम
100 _aकदम बाबा
245 _aरानजाई
250 _a0
260 _bशशीदिप प्रकाशन
_c1987
300 _a289
600 _aकदम बाबा
630 _aरानजाई
700 _aकदम बाबा
730 _aरानजाई
942 _cBOOK
999 _c73391
_d73391